| 000 | 00534nam a2200181Ia 4500 | ||
|---|---|---|---|
| 003 | OSt | ||
| 005 | 20260325135335.0 | ||
| 008 | 190216s9999||||xx |||||||||||||| ||und|| | ||
| 020 | _a9788126408511 | ||
| 040 | _coclc | ||
| 082 |
_a863.64 _bLLO/R |
||
| 100 |
_aLlosa, Mario Vargas _96659 |
||
| 245 | 0 |
_aRandanammakku Sthuthi = In Praise Of The Stepmother / _cMario Vargas Llosa |
|
| 260 |
_bDc Books, _c2010. _a Kottayam: |
||
| 300 | _a94p | ||
| 650 | _aNovel | ||
| 942 |
_cBK _2ddc _h863.64 _iLLO/R _k863.64 _mLLO/R |
||
| 999 |
_c29835 _d29835 |
||